| 000 | 01697nab a2200241 i 4500 | ||
|---|---|---|---|
| 001 | 768714001 | ||
| 003 | CO-MdFUSB | ||
| 005 | 20240627154708.0 | ||
| 008 | 240626t1995 us ||||| |||| 00| 0 eng d | ||
| 040 |
_bspa _cCO-MdFUSB _dCO-MdFUSB |
||
| 041 | _aeng | ||
| 100 |
_aCamp, Bruce K., _eautor |
||
| 245 |
_aA theological examination of the two-structure theory _c/ Bruce K. Camp |
||
| 520 | _aEn 1974, Ralph Winter escribió un artículo que cambió el paradigma, “Las dos estructuras de la misión redentora de Dios”, que afectó la forma en que muchos líderes de misiones evangélicas ven el papel de la iglesia local y la agencia misionera en la evangelización mundial. Lo que comenzó como una observación histórica, principalmente, se ha convertido en una doctrina teológica que aboga por la legitimidad teológica de las agencias misioneras. Tomando el documento de Winter como punto de partida para la discusión, este artículo analiza y rechaza la doctrina de las cofradías como una expresión más de la iglesia universal. En lugar de argumentar a favor de la aceptación de agencias misioneras (independientes o demoninacionales) desde una base bíblica, el autor sostiene que las congregaciones deben aceptar y utilizar las agencias de manera pragmática. | ||
| 546 | _aTexto en inglés. | ||
| 650 | 7 |
_aHermenéutica _9418 |
|
| 650 | 7 |
_aIglesia _9655 |
|
| 650 | 0 |
_aRevisionismo (Teología cristiana) _91207 |
|
| 650 | 7 |
_aSecularización (Teología) _96926 |
|
| 773 | 0 |
_049486 _982790 _d Pasadena _oR0894 _tMissiology: _w(CO-MdFUSB)97 _gVolumen 23, (número 2, 1995) páginas: 197 - 209 _qpágina: 197 |
|
| 942 | _cANA | ||
| 945 | _aCatherine Arias Álvarez - Practicante SENA | ||
| 999 |
_c70358 _d70358 |
||